000 00418nam a2200109Ia 4500
008 160909s9999 xx 000 0 und d
100 _aHiggins, Claire F.
245 4 _aThe preparation and self-efficacy of teachers of students with emotional and behavioral disabilities
260 _bUniversity of Massachusetts Boston
_c2016
650 _aEDUC/SPED
856 _uhttp://pqdtopen.proquest.com/doc/1803939452.html?FMT=ABS
999 _c304996
_d304996